Normal view
MARC view
- Lembaga Penyelidikan Undang-Undang
Entry Corporate Name
001 - CONTROL NUMBER
- control field: 8729
003 - CONTROL NUMBER IDENTIFIER
- control field: OSt
005 - DATE AND TIME OF LATEST TRANSACTION
- control field: 20170531075628.0
008 - FIXED-LENGTH DATA ELEMENTS
- fixed length control field: 170531|| aca||aabn | a|a d
040 ## - CATALOGING SOURCE
- Original cataloging agency: OSt
- Transcribing agency: OSt
110 ## - HEADING--CORPORATE NAME
- Corporate name or jurisdiction name as entry element: Lembaga Penyelidikan Undang-Undang
670 ## - SOURCE DATA FOUND
- Source citation: Work cat.: (OSt)0: Malaysia 400, Akta keterangan 1950 (Akta 56) :, 2007

PORTAL AKMAL
E-MEL JKDM
AKMAL2U
G-BAM
u-PUSTAKA